Swing States - Sudden Death - Statistics

General Stats
  • This quiz has been taken 238 times
    137 since last reset
  • The average score is 5 of 7
Answers on the Grid
Answers color-coded by a green-red scale on the quiz's grid according to % correct below.
Arizona
Georgia
Hawaii
Indiana
Kansas
Michigan
Nevada
New Jersey
North Carolina
Ohio
Oregon
Pennsylvania
South Carolina
Texas
Wisconsin
 
Answer Stats
Answer % Correct
Georgia
77%
Michigan
77%
Pennsylvania
77%
Arizona
74%
North Carolina
74%
Nevada
62%
Wisconsin
58%
No matching quizzes found
Score Distribution
Percent of People with Each Score
Percentile by Number Answered
Your Score History
You have not taken this quiz since the last reset